[Event "Victoria op"]
[Site "Melbourne"]
[Date "2018.06.10"]
[Round "4"]
[White "Lacey, David"]
[Black "Ng, Reiner"]
[Result "1-0"]
[WhiteElo "1949"]
[BlackElo "1571"]
[PlyCount "169"]
[EventDate "2018.06.08"]
[EventType "swiss"]
[EventRounds "7"]
[EventCountry "AUS"]
[SourceTitle "CBM 184 Extra"]
[Source "ChessBase"]
[SourceDate "2018.06.28"]
[SourceVersion "1"]
[SourceVersionDate "2018.06.28"]
[SourceQuality "1"]

1. d4 d5 2. c4 e6 3. Nc3 Nf6 4. cxd5 exd5 5. Bg5 c6 6. e3 Be7 7. Bd3 Nbd7 8. Nge2 h6 9. Bh4 Nh5 10. Bxe7 Qxe7 11. 0-0 0-0 12. Qc2 Nb6 13. Rae1 Nf6 14. Ng3 Qd6 15. Rd1 Re8 16. b3 Bd7 17. Qd2 Rad8 18. Rc1 Bc8 19. Rfd1 Qe7 20. h3 Nfd7 21. a4 Nf8 22. a5 Nbd7 23. a6 b5 24. Na2 Nb8 25. Nb4 Qf6 26. Qc2 Rd6 27. Ra1 g6 28. Qc5 Qe7 29. Rdc1 Ne6 30. Qc2 Nc7 31. Bf1 Ncxa6 32. Nd3 Rd7 33. Ne5 Rc7 34. Nd3 Nb4 35. Nxb4 Qxb4 36. Bd3 a6 37. h4 Qd6 38. h5 g5 39. Bf5 Bxf5 40. Nxf5 Qf6 41. g4 Rd7 42. Kg2 Rdd8 43. Qc5 Rd7 44. Qb6 Rdd8 45. Qc7 Rd7 46. Qb6 Rdd8 47. b4 Rd7 48. Ra3 Rdd8 49. Rac3 Rc8 50. Qb7 Qe6 51. f3 Qf6 52. Rc5 Rcd8 53. Qc7 Rd7 54. Qb6 Rdd8 55. Qa5 Rd7 56. Qa2 Rdd8 57. Qf2 Qe6 58. Qg3 Rd7 59. R1c3 Rdd8 60. Qe1 Rd7 61. Qc1 Rc7 62. Rc2 Kh7 63. Qb1 Rd8 64. Rc1 Kg8 65. Qc2 Rcc8 66. Qd3 Re8 67. Qa3 Red8 68. Qc3 Re8 69. Qa1 Red8 70. Qa5 Re8 71. Kh3 Rcd8 72. Qc7 Rd7 73. Qb6 Rdd8 74. Rxc6 Nxc6 75. Rxc6 Qd7 76. Rd6 Rb8 77. Qxb8 Rxb8 78. Rxd7 a5 79. Nxh6+ Kh7 80. Nxf7 axb4 81. Ne5+ Kh6 82. Nd3 b3 83. Rxd5 Rc8 84. Rxb5 Rc3 85. Nc5 1-0

[Event "Victoria op"]
[Site "Melbourne"]
[Date "2018.06.08"]
[Round "1"]
[White "Parikh, Rohan"]
[Black "Lacey, David"]
[Result "0-1"]
[WhiteElo "1265"]
[BlackElo "1949"]
[PlyCount "78"]
[EventDate "2018.06.08"]
[EventType "swiss"]
[EventRounds "7"]
[EventCountry "AUS"]
[SourceTitle "CBM 184 Extra"]
[Source "ChessBase"]
[SourceDate "2018.06.28"]
[SourceVersion "1"]
[SourceVersionDate "2018.06.28"]
[SourceQuality "1"]

1. c4 Nf6 2. Nc3 g6 3. d4 Bg7 4. Nf3 0-0 5. e4 d6 6. Be2 Nbd7 7. 0-0 e5 8. Bg5 c6 9. Bxf6 Qxf6 10. dxe5 dxe5 11. Qc2 Nc5 12. Rad1 Ne6 13. Rd2 Bh6 14. Rd3 Nf4 15. Rdd1 Bg4 16. Rfe1 Qe6 17. c5 Bh3 18. gxh3 Qxh3 19. Bf1 Qxf3 20. Ne2 Rad8 21. Nxf4 exf4 22. Qe2 Qxe2 23. Bxe2 Bg7 24. b3 Bc3 25. Rf1 Bb4 26. Bf3 Bxc5 27. Rxd8 Rxd8 28. Rd1 Rxd1+ 29. Bxd1 Kg7 30. Kg2 Kf6 31. f3 Ke5 32. a4 Kd4 33. Kf2 Kc3+ 34. Ke2 h5 35. h3 a5 36. Ke1 f6 37. Kf1 h4 38. Ke1 g5 39. Kf1 b5 0-1

[Event "Melbourne Cup Weekend"]
[Site "Melbourne"]
[Date "2013.11.03"]
[Round "5"]
[White "Lacey, David"]
[Black "Narenthran, Savithri"]
[Result "1-0"]
[WhiteElo "1955"]
[BlackElo "1764"]
[PlyCount "92"]
[EventDate "2013.11.01"]
[EventType "swiss"]
[EventRounds "9"]
[EventCountry "AUS"]
[SourceTitle "EXT 2014"]
[Source "ChessBase"]
[SourceDate "2013.11.20"]
[SourceVersion "1"]
[SourceVersionDate "2013.11.20"]
[SourceQuality "1"]

1. e4 c5 2. Nf3 e6 3. d4 cxd4 4. Nxd4 a6 5. Bd3 Nf6 6. Nc3 Qc7 7. 0-0 d6 8. Be3 Nbd7 9. f4 Be7 10. Qe2 0-0 11. Rae1 b6 12. g4 d5 13. e5 Ne8 14. g5 g6 15. Qg4 Ng7 16. Rf3 Rd8 17. h4 Nh5 18. Nce2 Nc5 19. Ng3 Nxg3 20. Rxg3 Nxd3 21. cxd3 Bc5 22. h5 Bxd4 23. Bxd4 Rb8 24. Rh3 Qe7 25. Kf2 Rd7 26. Reh1 Qe8 27. Qg3 Rc7 28. Ke3 Rbb7 29. Qh2 Qa4 30. b3 Qb5 31. Rh4 a5 32. hxg6 fxg6 33. Rh6 Rg7 34. Qh4 Rbc7 35. f5 Ba6 36. Rd1 exf5 37. e6 Qe8 38. Bxg7 Qxe6+ 39. Kd2 Rxg7 40. Re1 Qc6 41. Qd4 Rc7 42. Rhh1 f4 43. Rc1 Qd6 44. Rxc7 Qxc7 45. Qxd5+ Kg7 46. Rc1 Qb7 1-0

[Event "Melbourne op"]
[Site "Melbourne"]
[Date "2012.06.25"]
[Round "8"]
[White "Lycett, Garry"]
[Black "Lacey, David"]
[Result "0-1"]
[WhiteElo "1932"]
[BlackElo "1876"]
[PlyCount "92"]
[EventDate "2012.04.30"]
[EventType "swiss"]
[EventRounds "9"]
[EventCountry "AUS"]
[SourceTitle "EXT 2019"]
[Source "ChessBase"]
[SourceDate "2018.10.10"]
[SourceVersion "1"]
[SourceVersionDate "2018.10.10"]
[SourceQuality "1"]

1. d4 Nf6 2. c4 e6 3. Nc3 Bb4 4. e3 b6 5. Bd3 Bb7 6. f3 Bxc3+ 7. bxc3 d6 8. Ne2 Nc6 9. 0-0 0-0 10. e4 Qd7 11. Bg5 Ne8 12. Qa4 f6 13. Be3 Rd8 14. Nf4 e5 15. Nd5 Na5 16. Qxd7 Rxd7 17. Nb4 c5 18. Nc2 Ba6 19. Na3 Nc7 20. Rfd1 Ne6 21. d5 Nf4 22. Bf1 g5 23. Rac1 h5 24. g3 Ng6 25. Rc2 Rg7 26. Nb5 Bxb5 27. cxb5 Ne7 28. c4 f5 29. Bd2 Nb7 30. Bc3 f4 31. Bg2 fxg3 32. hxg3 h4 33. Kf2 g4 34. gxh4 g3+ 35. Ke3 Ng6 36. h5 Nh4 37. Rh1 Rf4 38. Rh3 Na5 39. Bxa5 bxa5 40. Rh1 Rgf7 41. Rf1 Kh7 42. Re2 Kh6 43. Bh3 Rxf3+ 44. Rxf3 Rxf3+ 45. Kd2 Kxh5 46. Re3 g2 0-1

[Event "Melbourne op"]
[Site "Melbourne"]
[Date "2012.06.18"]
[Round "7"]
[White "Lacey, David"]
[Black "Beaumont, David"]
[Result "1/2-1/2"]
[WhiteElo "1876"]
[BlackElo "2050"]
[PlyCount "63"]
[EventDate "2012.04.30"]
[EventType "swiss"]
[EventRounds "9"]
[EventCountry "AUS"]
[SourceTitle "EXT 2019"]
[Source "ChessBase"]
[SourceDate "2018.10.10"]
[SourceVersion "1"]
[SourceVersionDate "2018.10.10"]
[SourceQuality "1"]

1. d4 Nf6 2. c4 c5 3. d5 d6 4. Nc3 g6 5. e4 Bg7 6. Bd3 0-0 7. h3 e6 8. Nf3 exd5 9. cxd5 Re8 10. 0-0 a6 11. a4 c4 12. Bc2 Nbd7 13. Nd2 Qc7 14. a5 b5 15. axb6 Nxb6 16. Nf3 Rb8 17. Nd4 Bb7 18. f4 Qc5 19. Be3 Nfxd5 20. Nxd5 Nxd5 21. Bf2 Nb4 22. Nf5 Qc6 23. Nxg7 Kxg7 24. Bd4+ f6 25. f5 Nxc2 26. Bxf6+ Kxf6 27. fxg6+ Ke7 28. Rf7+ Kd8 29. Qg4 Qc5+ 30. Kh1 Bc6 31. Qh4+ Kc8 32. Qg4+ 1/2-1/2

[Event "Melbourne op"]
[Site "Melbourne"]
[Date "2012.05.28"]
[Round "5"]
[White "Chmiel, Rad"]
[Black "Lacey, David"]
[Result "1-0"]
[WhiteElo "1847"]
[BlackElo "1876"]
[PlyCount "99"]
[EventDate "2012.04.30"]
[EventType "swiss"]
[EventRounds "9"]
[EventCountry "AUS"]
[SourceTitle "EXT 2019"]
[Source "ChessBase"]
[SourceDate "2018.10.10"]
[SourceVersion "1"]
[SourceVersionDate "2018.10.10"]
[SourceQuality "1"]

1. e4 c5 2. c3 d5 3. exd5 Qxd5 4. d4 Nf6 5. Nf3 Bg4 6. Nbd2 e6 7. Qa4+ Nc6 8. Bc4 Qd6 9. dxc5 Qxc5 10. Nb3 Qf5 11. Nbd4 Qe4+ 12. Be3 Bc5 13. 0-0-0 0-0 14. Bd3 Qd5 15. Nxc6 Bxe3+ 16. fxe3 Qxc6 17. Qxc6 bxc6 18. h3 Bxf3 19. gxf3 Nd5 20. e4 Nf4 21. Ba6 Rad8 22. Kc2 c5 23. Rxd8 Rxd8 24. Rh2 Kf8 25. b4 cxb4 26. cxb4 Ke7 27. a4 Rd6 28. Bb5 Kf6 29. Kc3 Ke5 30. a5 f6 31. Bc4 h5 32. b5 h4 33. Rb2 Nxh3 34. b6 axb6 35. axb6 Rd8 36. b7 Rb8 37. Kd3 Nf4+ 38. Ke3 g5 39. Ba6 h3 40. Rc2 Nh5 41. Kf2 Kf4 42. Rc8 Rxb7 43. Bxb7 g4 44. fxg4 Kxg4 45. Rg8+ Kf4 46. Rh8 Kg4 47. Bc8 Nf4 48. Rg8+ Kh4 49. Kg1 e5 50. Kh2 1-0

[Event "AUS-ch reserves"]
[Site "Melbourne"]
[Date "2002.01.05"]
[Round "8"]
[White "McKenzie, Colin D"]
[Black "Lacey, David"]
[Result "1-0"]
[WhiteElo "1736"]
[BlackElo "1559"]
[PlyCount "55"]
[EventDate "2001.12.28"]
[EventType "swiss"]
[EventRounds "11"]
[EventCountry "AUS"]
[SourceTitle "EXT 2003"]
[Source "ChessBase"]
[SourceDate "2002.11.25"]
[SourceVersion "1"]
[SourceVersionDate "2002.11.25"]
[SourceQuality "1"]

1. e4 c5 2. Nf3 d6 3. d4 cxd4 4. Nxd4 Nf6 5. Nc3 a6 6. f3 e6 7. Be3 Nbd7 8. g4 h6 9. Qd2 b5 10. Bg2 Bb7 11. 0-0-0 Rc8 12. Rhe1 Be7 13. h4 Ne5 14. Bf1 b4 15. Nd5 exd5 16. Qxb4 Qc7 17. Qa4+ Kf8 18. g5 hxg5 19. hxg5 Nfd7 20. Kb1 Nb6 21. Qb3 dxe4 22. fxe4 Bxe4 23. Bd3 Nxd3 24. Rf1 Bd5 25. Qxd3 Qc4 26. Qf5 Qxa2+ 27. Kc1 Nc4 28. Qxc8+ 1-0

[Event "AUS-ch reserves"]
[Site "Melbourne"]
[Date "2002.01.03"]
[Round "6"]
[White "Sahar, Itshak"]
[Black "Lacey, David"]
[Result "1/2-1/2"]
[WhiteElo "1742"]
[BlackElo "1559"]
[PlyCount "22"]
[EventDate "2001.12.28"]
[EventType "swiss"]
[EventRounds "11"]
[EventCountry "AUS"]
[SourceTitle "EXT 2003"]
[Source "ChessBase"]
[SourceDate "2002.11.25"]
[SourceVersion "1"]
[SourceVersionDate "2002.11.25"]
[SourceQuality "1"]

1. Nf3 Nf6 2. c4 g6 3. Nc3 Bg7 4. d4 0-0 5. e4 d6 6. h3 e5 7. dxe5 dxe5 8. Bg5 Nbd7 9. Qd2 c6 10. Rd1 Qc7 11. Be3 Nc5 1/2-1/2

[Event "Box Hill op"]
[Site "Box Hill"]
[Date "2001.10.12"]
[Round "6.11"]
[White "Lacey, David"]
[Black "Liston, Howard"]
[Result "1-0"]
[WhiteElo "1584"]
[BlackElo "1920"]
[PlyCount "121"]
[EventDate "2001.09.??"]
[EventType "swiss"]
[EventRounds "7"]
[EventCountry "AUS"]
[SourceTitle "EXT 2003"]
[Source "ChessBase"]
[SourceDate "2002.11.25"]
[SourceVersion "1"]
[SourceVersionDate "2002.11.25"]
[SourceQuality "1"]

1. e4 c5 2. Nf3 d6 3. d4 cxd4 4. Nxd4 Nf6 5. Nc3 a6 6. Be2 e5 7. Nb3 Be6 8. 0-0 b5 9. Bg5 Nbd7 10. a3 Be7 11. Qd2 Rc8 12. f3 0-0 13. Be3 Nb6 14. Rfd1 d5 15. exd5 Nbxd5 16. Nxd5 Nxd5 17. Bf2 Qc7 18. Rac1 Rfd8 19. Qa5 Qxa5 20. Nxa5 Bg5 21. Rb1 Rxc2 22. Bd3 Rd2 23. Rxd2 Bxd2 24. Nc6 Rc8 25. Nxe5 Rc1+ 26. Rxc1 Bxc1 27. Bd4 Nf4 28. g3 Nxd3 29. Nxd3 Bd2 30. f4 f6 31. Nc5 Bc8 32. b4 Bc1 33. a4 bxa4 34. Nxa4 Bd7 35. Nc5 Bb5 36. Nb3 Ba3 37. Bc3 Kf7 38. Nd4 Bd3 39. Kf2 g5 40. fxg5 fxg5 41. Ke3 Bc4 42. Kd2 a5 43. bxa5 Bc5 44. Ke3 h5 45. Ke4 Bxd4 46. Kxd4 Bf1 47. Kc5 Ke7 48. Kb6 Kd7 49. a6 Kc8 50. a7 Bg2 51. h3 Ba8 52. g4 hxg4 53. hxg4 Kd7 54. Bf6 Be4 55. Bxg5 Ba8 56. Bf6 Ke6 57. g5 Kd7 58. g6 Ke6 59. g7 Kf7 60. Bc3 Bd5 61. Kc7 1-0

[Event "Doeberl Cup Minor 39th"]
[Site "Canberra"]
[Date "2001.04.15"]
[Round "5.37"]
[White "Lacey, David"]
[Black "Fitzpatrick, Andrew"]
[Result "1/2-1/2"]
[WhiteElo "1517"]
[BlackElo "1511"]
[PlyCount "84"]
[EventDate "2001.04.13"]
[EventType "swiss"]
[EventRounds "7"]
[EventCountry "AUS"]
[SourceTitle "EXT 2002"]
[Source "ChessBase"]
[SourceDate "2001.11.25"]
[SourceVersion "1"]
[SourceVersionDate "2001.11.25"]
[SourceQuality "1"]

1. e4 c6 2. d4 d5 3. e5 Bf5 4. f4 e6 5. Nf3 Nd7 6. Bd3 Bxd3 7. Qxd3 Ne7 8. 0-0 c5 9. c3 Nc6 10. Be3 cxd4 11. cxd4 Be7 12. Nc3 0-0 13. Ne2 Nb6 14. b3 a5 15. a3 a4 16. b4 Nc4 17. Nd2 Rc8 18. Rac1 Nxd2 19. Qxd2 Qd7 20. Rc2 Na7 21. Rfc1 Rxc2 22. Rxc2 Rc8 23. Nc1 Rxc2 24. Qxc2 Nb5 25. Qxa4 Qc6 26. Ne2 Qc4 27. Kf2 Bh4+ 28. g3 Be7 29. Qa8+ Bf8 30. a4 Nc3 31. Nxc3 Qxc3 32. b5 Qc2+ 33. Kg1 Qd1+ 34. Kg2 Qe2+ 35. Bf2 Qe4+ 36. Kh3 Qf3 37. Qxb7 Qxf2 38. a5 Qf1+ 39. Kh4 Qe2 40. a6 Qxh2+ 41. Kg4 Qe2+ 42. Kh3 Qf1+ 1/2-1/2